000 00971cam a22003137a 4500
003 CHAP
005 20220817043634.0
008 000316d1993 mx r 00010 spa d
010 _a80402
011 _a81374
020 _a9686148043
035 _a91843
040 _cCHAP
082 0 4 _a307.2
_bT4 1993
100 0 0 _aTecla Jiménez, Alfredo.
245 1 0 _aTeoría, métodos y técnicas en la investigación social
_c/por Alfredo Tecla Jiménez
250 _a14 ed.
260 _aMéxico, D. F. :
_bTaller abierto,
_c1993.
300 _a210 p.
590 _aBATCH-UPD
_b10
_c20130110
_lUCH01
_h1716
590 _aBATCH-UPD
_b10
_c20130410
_lUCH01
_h1101
590 _aBATCH-UPD
_b10
_c20130914
_lUCH01
_h0937
590 _aCONVERSION
_b10
_c20130109
_lUCH01
_h1345
650 1 4 _aCiencias sociales
_xMetodología.
_923230
901 _aBK
905 _aLilia Sánchez G.
942 _cLIBRO
949 _a307.2 T4 1993
_bBC
_cLIBRO
_d33724000765848
_eLIBRO
_h97046
_i91843
_si
999 _c80402
_d80402